| 000 | 01049cam a22002775a 4500 | ||
|---|---|---|---|
| 001 | 17383620 | ||
| 005 | 20160728132051.0 | ||
| 008 | 120712t2012 ne a frbd 001 0 eng d | ||
| 020 | _a9789041138170 | ||
| 020 | _a904113817X | ||
| 040 |
_aDLC _cDLC _dDLC _dEG-ScBUE _beng |
||
| 082 | 0 | 4 |
_a341.522 _222 _bGRI |
| 100 | 1 |
_aGrierson, Jacob. _940519 |
|
| 245 | 1 | 0 |
_aArbitrating under the 2012 ICC rules : _ban introductory user's guide / _cJacob Grierson, Annet van Hooft. |
| 246 | 3 | _aArbitrating under the 2012 International Chamber of Commerce | |
| 260 |
_aAlphen aan den Rijn : _bKluwer Law International ; _aFrederick, MD : _bSold and distributed in North, Central and South America by Aspen Publishers, _cc.2012. |
||
| 300 |
_axvi, 360 p. : _bill. ; _c25 cm. |
||
| 500 | _aGlossary : p. [319]-335. | ||
| 500 | _aIndex : p. [351]-360. | ||
| 504 | _aBibliography : p. [337]-350. | ||
| 650 | 7 |
_aInternational commercial arbitration. _2BUEsh _939464 |
|
| 651 | _2BUEsh | ||
| 653 |
_bLLAAWW _cJuly2016 |
||
| 700 | 1 | _aHooft, Annet van. | |
| 942 | _2ddc | ||
| 999 |
_c22064 _d22036 |
||